Inovačný potenciál ako faktor medzinárodnej konkurencieschopnosti Európskej únie v praxi diplomová práca

Salvato in:
Dettagli Bibliografici
Autore principale: Bilková, Lucia
Ente Autore: Obchodná fakulta EU. Katedra medzinárodného obchodu
Altri autori: Čiderová, Denisa, 1977-
Natura: Libro
Lingua:slovacco
Pubblicazione: Bratislava 2023
Tags: Aggiungi Tag
Nessun Tag, puoi essere il primo ad aggiungerne!!

MARC

LEADER 00000nbm a2200000 4500
001 0293733
005 20240126081055.6
041 0 |a slo 
044 |a SK 
245 1 0 |a Inovačný potenciál ako faktor medzinárodnej konkurencieschopnosti Európskej únie v praxi  |b diplomová práca  |c Lucia Bilková ; školiteľ: Denisa Čiderová 
264 1 |a Bratislava  |c 2023 
300 |a 108 s. 
100 1 |a Bilková, Lucia 
700 1 |a Čiderová, Denisa, 1977- 
710 2 |a Obchodná fakulta EU. Katedra medzinárodného obchodu